MARC

LEADER 00000nam0a2200000 4500
001 355760
005 20231102010828.0
035 |a (RuTPU)RU\TPU\retro\13020 
090 |a 355760 
100 |a 20200710d1945 m y0rusy50 ca 
101 0 |a rus 
102 |a RU 
105 |a y z 000zy 
200 1 |a О моральном облике нашего народа  |f М. И. Калинин 
210 |a Москва  |c ОГИЗ  |d 1945 
215 |a 31 с. 
300 |a Подписано к печати 15 февраля 1945 г. 
606 1 |a Советский народ  |x Политика  |2 stltpush  |3 (RuTPU)RU\TPU\subj\55415  |9 73449 
606 1 |a Коммунистическая мораль  |2 stltpush  |3 (RuTPU)RU\TPU\subj\14857  |9 41179 
610 1 |a коллекция: 1941-1945 гг. 
610 1 |a моральный облик 
610 1 |a социалистическое общество 
610 1 |a личность 
610 1 |a морально-нравственные ценности 
686 |a Ф3(2)110  |v LBC/SL-A  |2 rubbk 
686 |a Ю72  |v LBC/SL-A  |2 rubbk 
700 1 |a Калинин  |b М. И.  |c российский политический деятель  |f 1875-1946  |g Михаил Иванович  |2 stltpush  |3 (RuTPU)RU\TPU\pers\13099  |9 3786 
801 1 |a RU  |b 63413507  |c 20200710 
801 2 |a RU  |b 63413507  |c 20200722  |g RCR 
942 |c BK